000 00360 a2200145 4500
001 33660
082 _a621.31042 CHA
090 _c22387
_d22387
100 _aChapman, Stephen J.
245 _aElectric machinery fundamantal, 3rd Ed
250 _a3
260 _aSingapore
_bMCGraw-Hill, NY
_c1999
300 _a716p.
500 _aBE textbook Avionics
942 _aNUST-CAE
_k621.31042 CHA
999 _c268733
_d268733